00656nam a2200193Ii 450000100060000000300090000600800410001502000150005604000330007104100080010408200220011210000210013424501740015526400400032930000120036933600260038133700280040733800270043513710CO-ViMGA241108s9999||||xx |||||||||||||| ||und|| a8440672624 aCO-ViMGAbspaerdacCO-ViMGA0 aspa04aF.FC 220.6 - R63m1 aPepe Rodríguez10aMentiras fundamentales de la iglesia católica:bUn análisis de las graves contradicciones de la Biblia y de cómo se ha manipulado ésta en beneficio de la iglesia 1aMadrid, España : Grupo Zeta, 1997 avolumen atextbtxt2rdacontent aunmediatedbn2rdamedia avolumebnc2rdacarrier